<?xml version="1.0" encoding="UTF-8"?>
<resp>
  <nextPage>https://data.bn.org.pl/api/networks/bibs.marcxml?marc=001+b1000000897382&amp;sinceId=1000000897383</nextPage>
  <collection>
    <record xmlns='http://www.loc.gov/MARC21/slim'><leader>03064nam a2200853 i 4500</leader><controlfield tag='001'>b1000000897382</controlfield><controlfield tag='005'>20241203220314.3</controlfield><controlfield tag='008'>210224s2019    pl ao  f     |000 0 pol c</controlfield><controlfield tag='009'>9911795220105606</controlfield><datafield ind1=' ' ind2=' ' tag='015'><subfield code='a'>UWD 2023/39859</subfield></datafield><datafield ind1=' ' ind2=' ' tag='020'><subfield code='a'>9788394818050</subfield><subfield code='q'>(oprawa miękka ;</subfield><subfield code='q'>Total Project)</subfield></datafield><datafield ind1=' ' ind2=' ' tag='035'><subfield code='a'>(PL)b1000000897382</subfield></datafield><datafield ind1=' ' ind2=' ' tag='040'><subfield code='a'>KR U</subfield><subfield code='c'>KR U</subfield><subfield code='d'>KR U</subfield><subfield code='d'>WA N</subfield><subfield code='d'>KR U</subfield><subfield code='d'>WA N</subfield></datafield><datafield ind1=' ' ind2=' ' tag='046'><subfield code='k'>2019</subfield></datafield><datafield ind1=' ' ind2=' ' tag='080'><subfield code='8'>1.1\x</subfield><subfield code='a'>616.12</subfield></datafield><datafield ind1=' ' ind2=' ' tag='080'><subfield code='8'>1.2\x</subfield><subfield code='a'>616-006</subfield></datafield><datafield ind1=' ' ind2=' ' tag='084'><subfield code='a'>03</subfield></datafield><datafield ind1='0' ind2='0' tag='245'><subfield code='a'>Kardioonkologia :</subfield><subfield code='b'>kontynuacja /</subfield><subfield code='c'>pod redakcją Marii Olszowskiej.</subfield></datafield><datafield ind1=' ' ind2=' ' tag='260'><subfield code='a'>Warszawa :</subfield><subfield code='b'>i-medica :</subfield><subfield code='b'>Total Project,</subfield><subfield code='c'>2019.</subfield></datafield><datafield ind1=' ' ind2=' ' tag='300'><subfield code='a'>59 stron :</subfield><subfield code='b'>fotografie, ilustracje ;</subfield><subfield code='c'>24 cm.</subfield></datafield><datafield ind1=' ' ind2=' ' tag='336'><subfield code='a'>Tekst</subfield><subfield code='b'>txt</subfield><subfield code='2'>rdacontent</subfield></datafield><datafield ind1=' ' ind2=' ' tag='337'><subfield code='a'>Bez urządzenia pośredniczącego</subfield><subfield code='b'>n</subfield><subfield code='2'>rdamedia</subfield></datafield><datafield ind1=' ' ind2=' ' tag='338'><subfield code='a'>Wolumin</subfield><subfield code='b'>nc</subfield><subfield code='2'>rdacarrier</subfield></datafield><datafield ind1=' ' ind2=' ' tag='380'><subfield code='a'>Książki</subfield></datafield><datafield ind1=' ' ind2=' ' tag='380'><subfield code='a'>Publikacje fachowe</subfield></datafield><datafield ind1=' ' ind2=' ' tag='380'><subfield code='a'>Publikacje naukowe</subfield></datafield><datafield ind1=' ' ind2=' ' tag='385'><subfield code='a'>Kardiolodzy</subfield></datafield><datafield ind1=' ' ind2=' ' tag='385'><subfield code='a'>Onkolodzy</subfield></datafield><datafield ind1='1' ind2=' ' tag='388'><subfield code='a'>2001-</subfield></datafield><datafield ind1=' ' ind2=' ' tag='500'><subfield code='a'>Rozdziały lub artykuły tej książki skatalogowano pod własnymi tytułami. Dostępne pod tytułem pracy zbiorowej.</subfield></datafield><datafield ind1=' ' ind2=' ' tag='504'><subfield code='a'>Bibliografie przy pracach.</subfield></datafield><datafield ind1=' ' ind2=' ' tag='536'><subfield code='a'>Współfinansowanie: firma Polpharma</subfield></datafield><datafield ind1=' ' ind2='2' tag='650'><subfield code='a'>Środki przeciwnowotworowe</subfield><subfield code='x'>farmakologia</subfield></datafield><datafield ind1=' ' ind2='7' tag='650'><subfield code='a'>Nowotwór</subfield><subfield code='2'>DBN</subfield></datafield><datafield ind1=' ' ind2='7' tag='650'><subfield code='a'>Leki przeciwnowotworowe</subfield><subfield code='2'>DBN</subfield></datafield><datafield ind1=' ' ind2='2' tag='650'><subfield code='a'>Środki przeciwnowotworowe</subfield><subfield code='x'>stosowanie lecznicze</subfield></datafield><datafield ind1=' ' ind2='2' tag='650'><subfield code='a'>Środki przeciwnowotworowe</subfield><subfield code='x'>działanie szkodliwe</subfield></datafield><datafield ind1=' ' ind2='2' tag='650'><subfield code='a'>Kardiotoksyczność</subfield></datafield><datafield ind1=' ' ind2='7' tag='650'><subfield code='a'>Kardiotoksyczność</subfield><subfield code='2'>DBN</subfield></datafield><datafield ind1=' ' ind2='2' tag='650'><subfield code='a'>Choroby układu krążenia</subfield><subfield code='x'>etiologia chemiczna</subfield></datafield><datafield ind1=' ' ind2='2' tag='650'><subfield code='a'>Nowotwory</subfield><subfield code='x'>farmakoterapia</subfield></datafield><datafield ind1=' ' ind2='7' tag='655'><subfield code='a'>Praca zbiorowa</subfield><subfield code='2'>DBN</subfield></datafield><datafield ind1=' ' ind2=' ' tag='658'><subfield code='a'>Medycyna i zdrowie</subfield></datafield><datafield ind1='1' ind2=' ' tag='700'><subfield code='a'>Olszowska, Maria</subfield><subfield code='e'>Redakcja</subfield></datafield><datafield ind1='2' ind2=' ' tag='710'><subfield code='a'>Total Project</subfield><subfield code='e'>Wydawca</subfield><subfield code='4'>pbl</subfield></datafield><datafield ind1='2' ind2=' ' tag='710'><subfield code='a'>I-medica</subfield><subfield code='e'>Wydawca</subfield><subfield code='4'>pbl</subfield></datafield><datafield ind1=' ' ind2=' ' tag='852'><subfield code='8'>22641165490005067</subfield><subfield code='j'>1</subfield><subfield code='h'>1.075.656 II A</subfield><subfield code='b'>BJ</subfield><subfield code='p'>1003292663</subfield><subfield code='c'>BJ_EGZ_A</subfield></datafield><datafield ind1=' ' ind2=' ' tag='852'><subfield code='8'>22641165470005067</subfield><subfield code='j'>1</subfield><subfield code='h'>B 918876 II</subfield><subfield code='b'>BJ</subfield><subfield code='p'>1003292661</subfield><subfield code='c'>BJ_MAG</subfield></datafield><datafield ind1=' ' ind2=' ' tag='852'><subfield code='8'>22659046120005067</subfield><subfield code='j'>1</subfield><subfield code='h'>WG120 K198 2019</subfield><subfield code='b'>BM_CM</subfield><subfield code='p'>1816194315</subfield><subfield code='c'>BM_CM_WYP</subfield></datafield><datafield ind1=' ' ind2=' ' tag='852'><subfield code='8'>22724307200005066</subfield><subfield code='j'>1</subfield><subfield code='h'>3.248.939 A</subfield><subfield code='b'>BN_PL</subfield><subfield code='p'>30001032747100</subfield><subfield code='c'>bk1</subfield></datafield><datafield ind1=' ' ind2=' ' tag='852'><subfield code='b'>48OMNIS_UJA</subfield><subfield code='8'>991016656061905067</subfield></datafield><datafield ind1=' ' ind2=' ' tag='852'><subfield code='b'>48OMNIS_NETWORK</subfield><subfield code='8'>9911795220105606</subfield></datafield><datafield ind1=' ' ind2=' ' tag='852'><subfield code='b'>48OMNIS_NLOP</subfield><subfield code='8'>991053090250905066</subfield></datafield><datafield ind1=' ' ind2=' ' tag='852'><subfield code='8'>22724307160005066</subfield><subfield code='j'>1</subfield><subfield code='h'>3.645.565</subfield><subfield code='b'>BN_PL</subfield><subfield code='p'>30001032747117</subfield><subfield code='c'>bk8</subfield></datafield><datafield ind1=' ' ind2=' ' tag='852'><subfield code='8'>22573724090005067</subfield><subfield code='j'>1</subfield><subfield code='h'>WG120 K198 2019</subfield><subfield code='b'>BM_CM</subfield><subfield code='p'>1816194314</subfield><subfield code='c'>BM_CM_CZYT</subfield></datafield><datafield ind1=' ' ind2=' ' tag='920'><subfield code='a'>978-83-948180-5-0 (oprawa miękka ; Total Project )</subfield></datafield></record>
  </collection>
</resp>
